FPS Categories - Statistics

General Stats
  • This quiz has been taken 74 times
  • The average score is 16 of 20
Answer Stats
Answer % Correct
arts
92%
basic needs
92%
business
92%
communication
92%
government
92%
miscellaneous
92%
defense
88%
law
88%
environment
84%
technology
84%
transportation
84%
education
80%
economics
76%
ethics
76%
physical health
76%
social relationships
76%
mental health
72%
recreation
72%
religion
72%
science
68%
No matching quizzes found
Score Distribution
Percent of People with Each Score
Percentile by Number Answered
Your Score History
You have not taken this quiz